000 00688nam a22002297i 4500
003 URS
005 20220114152820.0
008 171002b xxu||||| |||| 00| 0 eng d
020 _a9789712361562
040 _erda
_cURSP-College Library
_beng
050 _a658
_bN24a 2012
100 1 _aNg, Mark Francis G.
245 1 0 _aAuditing and Assurance
_bPrinciples, Standards, and Fundamentals
_cMark Francis G. Ng
264 1 _aManila
_bRex Book Store
_c[2012]
300 _avii, 373pages
_c25cm.
336 _atext
_btxt
_2rdacontent
337 _aunmediated
_bn
_2rdamedia
338 _avolume
_bnc
_2rdacarrier
500 _aIncludes index
650 0 _aauditing-assurance.
942 _2lcc
_cCF
999 _c7674
_d7674